000 01179cam a2200133 4500500
005 20260329023151.0
041 _afre
042 _adc
100 1 0 _aMancebo, François
_eauthor
245 0 0 _aDéveloppement durable
260 _bArmand Colin,
_c2013.
520 _aSelon un scénario classique, décider, c’est se renseigner, concevoir, choisir et agir. Au moment où le développement durable est invoqué partout mais n’est jamais défini, il est urgent d’en proposer une grille de lecture. François Mancebo en fait une analyse critique en restituant sa popularité mais aussi en dégageant ses ambiguïtés. L’ouvrage présente des données, des expertises, des analyses d’enjeux et de conflits. Il éclaire ainsi l’action collective en matière de développement durable. Sa vocation est de former à ces problématiques, non seulement les étudiants, mais encore les acteurs de l’aménagement et de l’urbanisme. Plus largement, enfin, il s’adresse aussi à tous ceux qui sont confrontés à ces questions dans leur vie quotidienne.
856 4 1 _uhttps://shs.cairn.info/developpement-durable--9782200285968?lang=fr&redirect-ssocas=7080
999 _c1925190
_d1925190